Metal-ligand bonding (Record no. 54289)
[ view plain ]
| 000 -LEADER | |
|---|---|
| fixed length control field | 01364nam a2200361Ia 4500 |
| 100 1# - MAIN ENTRY--AUTHOR NAME | |
| Personal name | Janes, Rob. |
| 245 10 - TITLE STATEMENT | |
| Title | Metal-ligand bonding |
| 260 ## - PUBLICATION, DISTRIBUTION, ETC. (IMPRINT) | |
| Place of publication | Milton Keynes [England] : |
| Name of publisher | Open University ; |
| Place of publication | Cambridge, UK : |
| Name of publisher | Royal Society of Chemistry, |
| Year of publication | 2004. |
| 300 ## - PHYSICAL DESCRIPTION | |
| Number of Pages | 104 p. : |
| Other physical details | col. ill. |
| 500 ## - GENERAL NOTE | |
| General note | Includes index. |
| 650 #0 - SUBJECT ADDED ENTRY--TOPICAL TERM | |
| Topical Term | Crystal field theory. |
| Topical Term | Metal bonding. |
| Topical Term | Transition metal complexes. |
| Topical Term | Transition metals. |
| 700 1# - ADDED ENTRY--PERSONAL NAME | |
| Personal name | Moore, Elaine |
| 856 40 - ELECTRONIC LOCATION AND ACCESS | |
| Uniform Resource Identifier | http://site.ebrary.com/lib/rucke/Doc?id=10618819 |
No items available.
